Matthei: mi testimonio

Saved in:
Bibliografiske detaljer
Hovedforfatter: Arancibia Clavel, Patricia (autor)
Andre forfattere: Maza Cave, Isabel de la (autor)
Format: Bog
Sprog:spansk
Udgivet: Santiago, Chile La Tercera 2003
Santiago, Chile Mondadori
Fag:
Tags: Tilføj Tag
Ingen Tags, Vær først til at tagge denne postø!

MARC

LEADER 00000nam a2200000 a 4500
001 UCL8138
003 CL-VaPUC
005 20211018093331.0
008 040611e20030800cl |||||||||||||||||spa|d
999 |c 309589  |d 309587 
020 |a 95682070301 
040 |c Pontificia Universidad Católica de Valparaíso 
082 0 4 |a 320.983 ARA 2003  |2 21 
100 0 |a Arancibia Clavel, Patricia  |e autor  |9 486107 
245 1 0 |a Matthei:  |b  mi testimonio 
260 |a Santiago, Chile  |b La Tercera  |c 2003 
260 |a Santiago, Chile  |b Mondadori 
300 |a 437 páginas 
583 |a last modification  |c 20171120 01:43:25  |k Rodrigo Vera 
600 0 7 |a Matthei, Fernando  |2 CL-VaPUC  |9 438227 
650 0 |a Historia política chilena  |y Siglo 20  |z Chile  |9 460791 
650 0 |a Historia de Chile siglo 20  |y Siglo 20  |9 268145 
700 0 |a Maza Cave, Isabel de la  |e autor  |9 486108 
852 |a BIBCUR 
942 |c BK  |2 ddc 
945 |d 20040611 00:00:00  |a cmena 
952 |0 0  |1 0  |2 ddc  |4 0  |6 320_983000000000000_ARA_2003_2003  |7 0  |8 A  |9 377116  |a BIBHIS  |b BIBHIS  |d 2019-11-21  |i 4024141  |o 320.983 ARA 2003 2003  |p 4024141  |r 2025-01-20  |t 1  |w 2019-11-21  |y BK  |k HIS